Monologue de Jean Gabin dans "Un singe en hiver" - Statistiques

Statistiques générales
  • Ce quiz a été pris 9 fois
  • Le résultat moyen est 5 sur 16
Statistiques - réponses
Répliques Mots manquants % Correct
Le Yang-Tsé-Kiang n'est pas un fleuve, c'est une _____. Une _____ de cinq mille kilomètres ... avenue
56%
Je peux vous affirmer, tenancière, que le fusilier marin a été longtemps l'élément ______ des maisons de thé. décoratif
44%
des alcools de riz, des religions et puis des garces et l'____ opium
44%
Elle s'était mise sur la ___ paille
44%
Tirée d'un bordel de _______ Shanghaï
44%
Et l'avait venant de _______ Formose
33%
... avec des ____ et puis des sampans de chaque côté. jonques
33%
C'était un ___, il sentait l'ail juif
33%
Le Yang-Tsé-Kiang, camarade, c'est des millions de mètres cubes d'or et de fleurs qui descendent vers _____, Nankin
33%
Dans ce temps-là, on savait ___. rire
33%
... qui _______ du Tibet pour finir dans la Mer jaune ... dégringole
22%
Attention aux roches et surtout attention aux ______ ! mirages
22%
... avec des ______ hautes comme les arbres. orchidées
22%
Et au milieu, il y a des _______ d'îles flottantes ... tourbillons
22%
Pour un _______ roux et rose. maquereau
11%
... puis avec tout le long des villes _____ où on peut tout acheter. ponton
11%
Aucun quiz correspondant
Distribution des résultats
% des personnes avec chaque résultat
Percentile par nombre de réponses
Votre historique - résultats
Vous n’avez pas pris ce quiz